000 00542cas a22001935a 4500
001 L138491
008 070613c19911997xxkqr p 0 a0eng u
022 1 _a0961-9356
035 _a(Sirsi) u138491
041 0 _aeng
245 0 0 _aEnvironmental Policy and Practice
260 _aRichmond
_bEPP Publications
_c1991-1997
362 0 _a1(4) 1992-7(1) 1997
554 _aFour per year
651 4 _aUnited Kingdom
_y
690 _aENVIRONMENTAL AND LAND CONSULTANCY
785 0 0 _tEnvironmental and Waste Management
_x0961-9356
942 _n0
999 _c118988
_d118988